|
|
|
|
| LEADER |
00000nab a2200000 a 4500 |
| 001 |
vtls008933475 |
| 003 |
SK-MaSNL |
| 005 |
20260304144912.0 |
| 008 |
250505c2006 xo |||||||||||000 b|slo |
| 015 |
|
|
|a SNBRB2007/01
|2 snkbucl
|
| 035 |
|
|
|a (uuid)a920298a-d560-40ef-ba48-4f6e1eaa1f76
|
| 035 |
|
|
|a urn:nbn:sk:snk-abz1h
|
| 035 |
|
|
|a (urnnbn)urn:nbn:sk:snk:ar-a04fva
|
| 038 |
|
|
|a SNKBUCL
|
| 040 |
|
|
|a SNKBUCL
|b slo
|c SNKBUCL
|e AACR2
|
| 041 |
0 |
|
|a slo
|
| 044 |
|
|
|a xo
|c SK
|
| 080 |
|
|
|a 631.313
|2 1997
|
| 100 |
1 |
|
|a Beneš, Petr
|4 aut
|9 275203
|
| 245 |
1 |
0 |
|a Rotačné brány pre profesionálov - Lemken Zirkon 10
|c Petr Beneš
|
| 300 |
|
|
|b Fotogr.
|
| 650 |
0 |
7 |
|a brány
|2 snkbucl
|9 30308
|
| 650 |
0 |
7 |
|a rotačné brány
|2 snkbucl
|9 1466868
|
| 650 |
0 |
7 |
|a Lemken Zirkon 10 (brány)
|2 snkbucl
|9 1466869
|
| 773 |
0 |
|
|t Naše pole
|g Roč. X, č. 9 (2006), s. 32-33
|x 1335-2466
|
| 850 |
|
|
|a Slovenská národná knižnica
|
| 852 |
|
|
|a Slovenská národná knižnica
|
| 954 |
|
|
|a odborná, vedecká literatúra pôvodná (slovenská)
|2 lita
|
| 958 |
|
|
|a article27
|
| 958 |
|
|
|a OND
|
| 958 |
|
|
|a EUIPO
|
| 999 |
|
|
|c 2933844
|d 2935774
|